000 00795nam a2200289Ia 4500
001 9645
003 IT-RoPAU
008 130308s9999 xx 000 0 und d
040 _aIT-RoPAU
040 _cIT-RoPAU
041 _aITALIANO
100 _aRella Franco
100 _gCodice Aut. SPICS: 2129
245 _aTesto analitico e analisi testuale
245 _bMaterialita' del testo (La)-Ricerca interdisciplinare Sulle Pratiche Significanti
250 _a1a ed.
260 _aVERONA
260 _bBertani
260 _c1977 [1° Ed.:1977 - Ed.Ling.Originale:1977]
300 _a"14 p. (prefazione: no ; testo: 14 [pagine: 11-24])"
650 _aSAGGI DI SEMIOLOGIA
650 _eCodice materia Spics: 3257
942 _cBK
957 _71
999 _c41629
_d41629
999 _bSI
999 _g1